| 000 | nam a22 7a 4500 | ||
|---|---|---|---|
| 999 |
_c233340 _d233340 |
||
| 003 | Nust | ||
| 005 | 20170307101831.0 | ||
| 008 | 170307b xxu||||| |||| 00| 0 eng d | ||
| 040 | _c0 | ||
| 050 | _a363.7 NEE | ||
| 082 | _a363.7 NEE | ||
| 100 | _aAyesha Neelam | ||
| 245 |
_aSynthesis Of Carboxymethyl Cellulose (CMC) Based Composite Membrane And Testing Its Performance For Saline Water Treatment _cAyesha Neelam |
||
| 260 |
_aIslamabad _bIESE (SCEE) NUST _c2015. |
||
| 300 |
_a56 p. _bHB. |
||
| 440 | _aMS Environmental Science | ||
| 500 | _aThesis MS ES | ||
| 650 | _aEnvironmental Science | ||
| 700 | _4Dr. Muhammad Arshad (Supervisor) | ||
| 942 |
_2ddc _cTHE _kIESE |
||